| 000 | 00419nam a22001217a 4500 | ||
|---|---|---|---|
| 008 | 140120b xxu||||| |||| 00| 0 eng d | ||
| 010 | _a2005033606 | ||
| 020 |
_a0471744913 _cAvailable |
||
| 082 |
_2Second Ed _a658.5RAH _b002474 |
||
| 100 | _gHB,472p | ||
| 245 |
_aAssurance Technologies Principles And Practices: A Product,Process,and System Safety Perspective _cRaheja Dev G |
||
| 260 |
_aNew Jersey _bJohn Wiley & Sons _c2006 |
||
| 999 |
_c23786 _d23786 |
||